000 00208 a2200097 4500
001 6922
100 _aKendall, M G
245 _aAdvanced theory of Statistics
260 _a
_bGriffin
_c
090 _c5717
_d5717
942 _aNUST-CAE
_cM
_c32175
999 _c241995
_d241995